000 00675nam a2200229Ia 4500
003 GCL
008 140319s9999 xx 000 0 ara d
040 _aGCL /
_cGCL
082 0 4 _a346.07
_bم ج
100 1 _aمحمد جمعة عبدالقادر
245 1 0 _aجريمة اعطاء شيك بدون رصيد علما وعملا /
_cمحمد جمعة عبدالقادر
260 _a[S.N] :
_bلا يوجد
300 _a173 ص
490 _a
650 0 4 _aالقانون
650 0 4 _aالشيكات
650 0 4 _aالفواتير
650 0 4 _aالعقود
650 0 4 _aالقانون الخاص
650 0 4 _aالقانون التجارى
942 _2ddc
_cBK
999 _c28317
_d28317